000
00295nam a22001097a 4500
008
230703b xxu||||| |||| 00| 0 eng d
082
_a
364.13
_b
STI 1976
245
_a
Letters from Salisbury Prison
260
_a
Nairobi
_b
Transafrica Book Distributors
_c
1976
300
_a
VII,186p
942
_2
ddc
_c
BK
999
_c
3183
_d
3183